| 000 | 00883cam a22002533 4500 | ||
|---|---|---|---|
| 001 | 13493375 | ||
| 003 | PILC | ||
| 005 | 20150905095422.0 | ||
| 008 | 040218s1970 nyua b 000 0 eng | ||
| 010 | _atmp96003939 | ||
| 040 |
_aDLC _cDLC _dDLC |
||
| 050 | 0 | 0 |
_aQA 76.5 _b.Sc318 1970 |
| 100 | 1 |
_aScheid, Francis, _d1920-2011. |
|
| 245 | 1 | 0 |
_aSchaum's outline of theory and problems of introduction to computer science / _cFrancis Scheid. |
| 260 |
_aNew York : _bMcGraw-Hill, _c1970. |
||
| 300 |
_a281 pages : _billustrations ; _c28 cm. |
||
| 500 | _aIncludes appendix, bibliographical references and index. | ||
| 650 | 0 |
_aElectronic digital computers _vProblems, exercises, etc. |
|
| 740 | 0 | _aIntroduction to computer science. | |
| 740 | 0 | _aComputer science. | |
| 906 |
_a0 _bcbc _cpremver _du _encip _f19 _gy-gencatlg |
||
| 942 |
_2lcc _cBK _kFOR |
||
| 999 |
_c284697 _d284697 |
||